| Tag |
First Indicator |
Second Indicator |
Subfields |
| LEADER |
00000cam a2200000Ia 4500 |
| 001 |
in00002016255 |
| 005 |
20151031155215.0 |
| 008 |
881115s1986 enka 000 0 eng d |
| 020 |
|
|
|a 0948075112 :
|c $13.95
|
| 035 |
|
|
|a (OCoLC)ocm18763362
|
| 040 |
|
|
|a TAW
|c TAW
|d OCLCQ
|d TXA
|d UtOrBLW
|
| 049 |
|
|
|a TXAM
|
| 050 |
|
4 |
|a TX771
|b .L62 1986
|
| 092 |
|
|
|a 641.865
|
| 100 |
1 |
|
|a Lodge, Nicholas.
|
| 245 |
1 |
4 |
|a The art of sugarcraft :
|b sugar flowers /
|c Nicholas Lodge ; foreword, June Elwood ; series editor, Joyce Becker ; photography by Melvin Grey and Graham Tann.
|
| 264 |
|
1 |
|a London :
|b Merehurst Press,
|c [1986]
|
| 264 |
|
4 |
|c ©1986
|
| 300 |
|
|
|a 127 pages :
|b color illustrations ;
|c 29 cm.
|
| 336 |
|
|
|a text
|b txt
|2 rdacontent
|
| 337 |
|
|
|a unmediated
|b n
|2 rdamedia
|
| 338 |
|
|
|a volume
|b nc
|2 rdacarrier
|
| 536 |
|
|
|a From the cookery collection of Jean and James Presnal '49, September 2004.
|
| 650 |
|
0 |
|a Cake decorating.
|
| 650 |
|
0 |
|a Sugar art.
|
| 650 |
|
0 |
|a Confectionery.
|
| 650 |
|
0 |
|a Cooking (Flowers)
|
| 700 |
1 |
|
|a Elwood, June.
|
| 700 |
1 |
|
|a Becker, Joyce.
|
| 700 |
1 |
|
|a Grey, Melvin.
|
| 700 |
1 |
|
|a Tann, Graham.
|
| 740 |
0 |
|
|a Sugar flowers.
|
| 740 |
0 |
|
|a Sugar craft.
|
| 994 |
|
|
|a E0
|b TXA
|
| 948 |
|
|
|a cataloged
|b h
|c 2005/1/3
|d c
|e jlanham
|f 3:43:40 pm
|
| 999 |
|
|
|a MARS
|
| 999 |
f |
f |
|s d2e6c9c4-bdd5-3f4b-9bbc-26464b0cfd10
|i 6912a164-7e56-3fa0-99c9-c89b327ecb80
|t 0
|
| 952 |
f |
f |
|p normal
|a Texas A&M University
|b College Station
|c Sterling C. Evans Library
|d Evans: Library Stacks
|t 0
|e TX771 .L62 1986
|h Library of Congress classification
|i unmediated -- volume
|m A14831700313
|
| 998 |
f |
f |
|a TX771 .L62 1986
|t 0
|l Evans: Library Stacks
|